[Event "ROM-ch"]
[Site "Predeal"]
[Date "1988.??.??"]
[Round "7"]
[White "Stefanov, Parik"]
[Black "Foisor, Ovidiu"]
[Result "0-1"]
[WhiteElo "2495"]
[BlackElo "2475"]

1.d4 Nf6 2.c4 e6 3.Nf3 b6 4.a3 Bb7 5.Nc3 d5 6.cxd5 Nxd5 7.Qc2 Be7 8.Bd2 Nxc3
9.Bxc3 Qd5 10.e3 Nd7 11.Bd3 Nf6 12.O-O O-O 13.b4 Bd6 14.Rfe1 Ne4 15.Bb2 Ng5
16.Be2 Qe4 17.Qxe4 Nxe4 18.Ne5 Rac8 19.f3 Nf6 20.Rac1 c6 21.Rc2 Rc7 22.Rec1 Rfc8
23.Nc4 Be7 24.Kf2 Nd7 25.g3 Nf6 26.e4 Kf8 27.Ne3 Ne8 28.Bf1 Bd6 29.Bg2 c5
30.dxc5 bxc5 31.b5 Be7 32.a4 Rd7 33.Nc4 Bf6 34.Bxf6 gxf6 35.Na5 Ba8 36.Rxc5 Rxc5
37.Rxc5 Rd2+ 38.Kg1 Ra2 39.Rc4 Ke7 40.Nb3 Bb7 41.Na5 Nd6 42.Rc7+ Kd8 43.Rxb7 Nxb7
44.Nxb7+ Kc7 45.Nc5 Kd6 46.Nd3 Ra3 47.Bf1 Rxa4 48.Nf2 Ra2 49.Kg2 Ke5 50.Kg1 Kd6
51.h4 f5 52.exf5 exf5 53.Bd3 Ke5 54.Nh3 h6 55.Nf4 Rd2 56.Kf1 Rb2 57.Be2 Kd4
58.Kf2 Ra2 59.Nd3 Ra4 60.Nf4 Ra3 61.Nh5 Rc3 62.Nf6 Rc8 63.f4 Rd8 64.Bf1 Rd6
65.Ne8 Rd7 66.Kf3 Kc3 67.Ng7 Rd5 68.Ke3 Rc5 69.h5 Rd5 70.Be2 Kb4 71.Bd3 Kc3
72.Bxf5 Rxb5 73.Bd7 Rb7 74.Bc6 Rb6 75.Bd5 a5 76.g4 a4 77.Nf5 a3 78.Nd4 Rb7
79.Ne2+ Kb2 80.g5 hxg5 81.fxg5 Re7+ 82.Kf3 Re5 83.Nf4 Rxd5 84.Nxd5 a2 85.Nf6  0-1

[Event "URS-ch sf"]
[Site "Riga"]
[Date "1988.??.??"]
[Round "?"]
[White "Naumkin, Igor"]
[Black "Tukmakov, Vladimir B"]
[Result "0-1"]
[WhiteElo "2440"]
[BlackElo "2590"]

1.d4 Nf6 2.c4 e6 3.Nf3 b6 4.a3 Ba6 5.Qc2 Bb7 6.Nc3 c5 7.e4 cxd4 8.Nxd4 Bc5
9.Nb3 Nc6 10.Bg5 Nd4 11.Nxd4 Bxd4 12.Nb5 Be5 13.Bd3 a6 14.Nc3 Qc7 15.h3 O-O
16.O-O Nh5 17.Ne2 f5 18.exf5 exf5 19.Bxf5 Qc6 20.f3 Qc5+ 21.Kh1 Bc7 22.Bxh7+ Kh8
23.f4 Rae8 24.b4 Qe3 25.Ng1 Ng3+  0-1

[Event "Saint John op-2"]
[Site "Saint John"]
[Date "1988.??.??"]
[Round "?"]
[White "Burger, Karl"]
[Black "Petursson, Margeir"]
[Result "0-1"]
[WhiteElo "2320"]
[BlackElo "2540"]

1.d4 Nf6 2.Nf3 e6 3.c4 b6 4.a3 Bb7 5.Nc3 d5 6.cxd5 Nxd5 7.e3 g6 8.Qa4+ c6
9.h4 Bg7 10.h5 Nxc3 11.bxc3 O-O 12.hxg6 hxg6 13.e4 c5 14.Bd3 cxd4 15.cxd4 Qd7
16.Qxd7 Nxd7 17.Bh6 Bxh6 18.Rxh6 Kg7 19.Rh4 Nf6 20.Kd2 Rh8 21.e5 Nd5 22.Rah1 Rxh4
23.Rxh4 Rh8 24.Rxh8 Kxh8 25.Ng5 Kg7 26.g3 Nc7 27.Bc4 Bd5 28.Bxd5 exd5 29.f4 Nb5
30.e6 f6 31.e7 Nd6 32.Ne6+ Kf7 33.Nc7 Kxe7 34.Nxd5+ Ke6 35.Nc7+ Kf5 36.Ke2 Ke4
37.d5 b5 38.Ne6 Kxd5 39.Nf8 Nc4 40.Nxg6 Nxa3 41.Kd3 Nc4 42.g4 a5 43.Ne7+ Kd6
44.Nf5+ Kc5 45.Ng3 Kb4 46.Ne4 Kb3 47.Nxf6 a4 48.Ne4 a3 49.Nc3 b4 50.Nb5  0-1

[Event "Saint John op-2"]
[Site "Saint John"]
[Date "1988.??.??"]
[Round "?"]
[White "Browne, Walter S"]
[Black "Levitt, Jonathan"]
[Result "1/2-1/2"]
[WhiteElo "2530"]
[BlackElo "2440"]

1.d4 Nf6 2.c4 e6 3.Nf3 b6 4.a3 Bb7 5.Nc3 d5 6.cxd5 Nxd5 7.Qc2 Nxc3 8.Qxc3 Be7
9.Bf4 Bd6 10.Bg5 f6 11.Bh4 O-O 12.e3 Qe7 13.Rc1 Nd7 14.Bb5 Rad8 15.O-O c5
16.Ne5 cxd4 17.exd4 Nb8 18.Ng4 Na6 19.Ne3 Nc7 20.Bc6 Nd5  1/2-1/2

[Event "Saint John op-2"]
[Site "Saint John"]
[Date "1988.??.??"]
[Round "?"]
[White "Chernin, Alexander"]
[Black "Gligoric, Svetozar"]
[Result "1-0"]
[WhiteElo "2560"]
[BlackElo "2515"]

1.d4 Nf6 2.Nf3 e6 3.c4 b6 4.a3 Bb7 5.Nc3 d5 6.cxd5 exd5 7.Bf4 Bd6 8.Bg3 O-O
9.e3 c5 10.Be2 Na6 11.Qb3 cxd4 12.Nxd4 Nc5 13.Qa2 Nfe4 14.Rc1 Nxg3 15.hxg3 Be5
16.Rd1 Ne6 17.Bf3 Bxd4 18.exd4 Nc7 19.O-O Qd6 20.Rfe1 Rae8 21.Qb3 g6 22.Qa4 Rxe1+
23.Rxe1 Ra8 24.Rc1 Ne6 25.Nd1 a6 26.Ne3 b5 27.Qd1 Rd8 28.Qd2 f5 29.Nc2 f4
30.gxf4 Qxf4 31.Qxf4 Nxf4 32.Nb4 Ne6 33.Bg4 Nxd4 34.Rc7 a5 35.Nd3 Bc6  1-0

[Event "Wch-blitz"]
[Site "Saint John"]
[Date "1988.??.??"]
[Round "2"]
[White "Chernin, Alexander"]
[Black "Karpov, Anatoly"]
[Result "1-0"]
[WhiteElo "2560"]
[BlackElo "2715"]

1.d4 Nf6 2.Nf3 e6 3.c4 b6 4.a3 Bb7 5.Nc3 d5 6.cxd5 Nxd5 7.Qc2 Be7 8.Bd2 Nxc3
9.Bxc3 O-O 10.e4 Nd7 11.Rd1 Qc8 12.Bd3 h6 13.O-O Re8 14.Rfe1 c5 15.d5 Bf8
16.dxe6 Rxe6 17.Bc4 Re7 18.Nh4 Ne5 19.Bxe5 Rxe5 20.Qb3 Qc7 21.f3 Ree8 22.Nf5 Rad8
23.a4 g6 24.Ne3 Bg7 25.Nd5 Bxd5 26.Bxd5 Bd4+ 27.Kh1 Kg7 28.Qc2 Qe5 29.b3 h5
30.Rf1 Be3 31.Qd3 Bh6 32.g3 f5 33.Qc4 f4 34.Rg1 Re7 35.Rg2 Rd6 36.Rdg1 Rf6
37.g4 hxg4 38.Rxg4 Qh5 39.b4 cxb4 40.Qxb4 Qe5 41.Qc4 Rc7 42.Qb5 Kh7 43.Bg8+  1-0

[Event "Sas van Gent"]
[Site "Sas van Gent"]
[Date "1988.??.??"]
[Round "5"]
[White "Grooten, Herman"]
[Black "Vogel, Jaap"]
[Result "0-1"]
[WhiteElo "2325"]
[BlackElo "2265"]

1.d4 e6 2.Nf3 Nf6 3.c4 b6 4.a3 d5 5.Nc3 Be7 6.cxd5 exd5 7.Qa4+ c6 8.g3 O-O
9.Bg2 a5 10.O-O Bf5 11.Ne5 b5 12.Qd1 h6 13.Bf4 Qb6 14.Rc1 Na6 15.e3 Rac8
16.g4 Be6 17.h4 Nd7 18.g5 Nxe5 19.Bxe5 hxg5 20.hxg5 Bxg5 21.Qh5 Bh6 22.f4 f6
23.Bd6 Rfe8 24.Rf3 Bf7 25.Qh2 Rcd8 26.Rg3 Rxe3 27.Bc5 Nxc5 28.Rxe3 Ne6 29.Ne2 Nxd4
30.Kh1 Nf5 31.Rf3 Re8 32.Bh3 Nd4 33.Qf2 Rxe2  0-1

[Event "Sas van Gent"]
[Site "Sas van Gent"]
[Date "1988.??.??"]
[Round "8"]
[White "Farago, Sandor"]
[Black "Grooten, Herman"]
[Result "0-1"]
[WhiteElo "2400"]
[BlackElo "2325"]

1.d4 Nf6 2.c4 e6 3.Nf3 b6 4.a3 Ba6 5.Qc2 Bb7 6.Nc3 c5 7.e4 cxd4 8.Nxd4 Nc6
9.Nxc6 Bxc6 10.Be2 Bc5 11.O-O Qc7 12.Kh1 h5 13.f3 h4 14.b4 Bd4 15.Bd2 Nh5
16.Be1 Qf4 17.Qc1 Be3 18.Qd1 Ng3+ 19.Bxg3 hxg3 20.h3 Rh4 21.Re1 Rxh3+ 22.gxh3 g2+
23.Kxg2 Qg5+  0-1

[Event "DDR-ch (Women)"]
[Site "Stralsund"]
[Date "1988.??.??"]
[Round "11"]
[White "Goehler, Antje"]
[Black "Kunze, Kerstin"]
[Result "1-0"]
[WhiteElo "2175"]
[BlackElo "2180"]

1.d4 Nf6 2.c4 e6 3.Nf3 b6 4.a3 Bb7 5.Nc3 d5 6.cxd5 Nxd5 7.Qc2 Nxc3 8.Qxc3 Nd7
9.Bg5 Be7 10.Bxe7 Kxe7 11.e3 Nf6 12.Ne5 Rc8 13.Ba6 Qd5 14.Bxb7 Qxb7 15.Nc6+ Kd7
16.Rc1 Nd5 17.Ne5+ Ke8 18.Qc6+ Qxc6 19.Nxc6 Ra8 20.Ke2 Rf8 21.e4 Nf6 22.f3 Kd7
23.Rc2 Kc8 24.Rhc1 Kb7 25.b4 a6 26.a4 Ng8 27.g4 Rac8 28.b5 a5 29.h4 Rfe8
30.g5 Ne7 31.Ne5 Rf8 32.h5 f5 33.gxf6 gxf6 34.Nc6 Nxc6 35.Rxc6 Rfe8 36.Rg1 Re7
37.h6 Rd8 38.Rg7 Rdd7 39.Rxe6 Rxg7 40.hxg7 Rxg7 41.Rxf6 Rg2+ 42.Kd3 Ra2 43.e5 Kc8
44.f4 Rxa4 45.e6 Kd8 46.f5 Ra3+ 47.Ke4 Ra1 48.Rf8+ Ke7 49.Rf7+ Ke8 50.Ke5 a4
51.Rxc7  1-0

[Event "URS Cup rapid"]
[Site "Tallinn"]
[Date "1988.??.??"]
[Round "10"]
[White "Petrosian, Arshak B"]
[Black "Karner, Hillar"]
[Result "1-0"]
[WhiteElo "2480"]
[BlackElo "2390"]

1.d4 Nf6 2.c4 e6 3.Nf3 b6 4.a3 Bb7 5.Nc3 Ne4 6.Nxe4 Bxe4 7.Bf4 Bxf3 8.gxf3 d6
9.Bd2 Nd7 10.f4 Nf6 11.d5 exd5 12.cxd5 Be7 13.Bg2 O-O 14.Qc2 a5 15.Rc1 Ra7
16.O-O a4 17.Kh1 Nd7 18.Be4 h6 19.Bf5 Nc5 20.Bc3 Bf6 21.Rg1 Kh8 22.Rg3 Rg8
23.Rcg1 Qe7 24.Bh7 Raa8 25.Re3 Qd7 26.Bxg8 Rxg8 27.Bxf6 gxf6 28.Rxg8+ Kxg8
29.Rg3+ Kh8 30.f5 Kh7 31.Rh3 Qe8 32.Qd2 Qf8 33.Qf4 b5 34.Rg3 Nd7 35.Qb4 Nb6
36.Qxb5  1-0

[Event "Thessaloniki ol (Men)"]
[Site "Thessaloniki"]
[Date "1988.??.??"]
[Round "2"]
[White "Boensch, Uwe"]
[Black "Karkanaque, Ilir"]
[Result "1-0"]
[WhiteElo "2510"]
[BlackElo "2375"]

1.d4 Nf6 2.c4 e6 3.Nf3 b6 4.a3 Ba6 5.Qc2 c5 6.e4 cxd4 7.Nxd4 Bc5 8.Nb3 Nc6
9.Bd3 O-O 10.O-O Qb8 11.h3 Ne5 12.Nxc5 bxc5 13.Be2 Nc6 14.Be3 Qe5 15.Nd2 Nd4
16.Bxd4 Qxd4 17.Bd3 Nh5 18.Nf3 Qf6 19.e5 Qh6 20.Be4 Rab8 21.Rfe1 f5 22.exf6 Nxf6
23.Ne5 Bxc4 24.Nxc4 Nxe4 25.Rxe4 d5 26.Re2 dxc4 27.Qxc4 Qf6 28.Rb1 Qd4 29.Qxe6+ Kh8
30.Qe3 Rfd8 31.Rc1 Qxe3 32.fxe3 Rd5 33.e4 Re5 34.Rd1 Rbe8 35.Rd7 R8e7 36.Rd8+ Re8
37.Rxe8+ Rxe8 38.Kf2 Kg8 39.Ke3 Kf7 40.Rc2 Rb8 41.Kd3 Ke6 42.Kc4 Ke5 43.Re2 Rc8
44.Rf2 Rc7 45.Rf5+ Kxe4 46.Rxc5 Rf7 47.b4 Rf2 48.Rg5 g6 49.a4 Rf6 50.b5 h6
51.Rg3 g5 52.a5  1-0

[Event "Thessaloniki ol (Men)"]
[Site "Thessaloniki"]
[Date "1988.??.??"]
[Round "3"]
[White "Boensch, Uwe"]
[Black "Schussler, Harry"]
[Result "1/2-1/2"]
[WhiteElo "2510"]
[BlackElo "2525"]

1.d4 Nf6 2.c4 e6 3.Nf3 b6 4.a3 Ba6 5.Qc2 Bb7 6.Nc3 c5 7.e4 cxd4 8.Nxd4 d6
9.Bg5 Be7 10.O-O-O Nbd7 11.f4 O-O 12.Be2 Qc7 13.Kb1 Rfe8 14.Rhe1 a6 15.Bf1 h6
16.Bh4 Rad8 17.Nf3 Nc5 18.f5 Ncd7 19.fxe6 fxe6 20.Nd4 Nf8 21.Bg3 Nh5 22.Bf2 Nf6
23.Bg3 Nh5 24.Bf2  1/2-1/2

[Event "Thessaloniki ol (Men)"]
[Site "Thessaloniki"]
[Date "1988.??.??"]
[Round "4"]
[White "Jussupow, Artur"]
[Black "Ionescu, Constantin"]
[Result "1/2-1/2"]
[WhiteElo "2620"]
[BlackElo "2465"]

1.d4 Nf6 2.c4 e6 3.Nf3 b6 4.a3 Bb7 5.Nc3 d5 6.cxd5 Nxd5 7.e3 Be7 8.Bb5+ c6
9.Bd3 Nxc3 10.bxc3 O-O 11.O-O c5 12.Qe2 Qc8 13.Bb2 Bf6 14.Rfd1 cxd4 15.cxd4 Ba6
16.Rac1 Bxd3 17.Qxd3 Qb7 18.Nd2 Na6 19.Rc2 Rac8 20.Rdc1 Rxc2 21.Qxc2 Rd8
22.h3 h6 23.Ne4 Be7 24.Qc6 Qxc6 25.Rxc6 Rd7 26.Rc8+ Rd8 27.Nd6 Nb8 28.d5 Nd7
29.dxe6 fxe6 30.Kf1 a6 31.Rxd8+ Bxd8 32.Ke2 b5 33.g4 Kf8 34.Ne4  1/2-1/2

[Event "Thessaloniki ol (Men)"]
[Site "Thessaloniki"]
[Date "1988.??.??"]
[Round "9"]
[White "Rivas Pastor, Manuel"]
[Black "Rechlis, Gad"]
[Result "1/2-1/2"]
[WhiteElo "2505"]
[BlackElo "2515"]

1.d4 Nf6 2.c4 e6 3.Nf3 b6 4.a3 Ba6 5.Qc2 Bb7 6.Nc3 c5 7.e4 cxd4 8.Nxd4 d6
9.f3 Be7 10.Qa4+ Nbd7 11.Nc6 Bxc6 12.Qxc6 O-O 13.Qa4 a6 14.Be3 d5 15.cxd5 exd5
16.exd5 Re8 17.Kf2 Bc5 18.Bxc5 Nxc5 19.Qd1 Qe7 20.g3 Rad8 21.Kg2 b5 22.Bd3 Qb7
23.b4 Nxd5 24.Nxd5 Nxd3 25.Qxd3 Rxd5 26.Rhe1 Red8 27.Qe3 g6 28.Re2 Rd3 29.Qf4 Qd5
30.h4 Kg7 31.g4 Qd4 32.Qc1 h5 33.gxh5 Qxh4 34.hxg6 R8d6 35.Qb2+ R3d4 36.Kg1 Rxg6+
37.Rg2 Rxg2+ 38.Kxg2 Qf6 39.Kg1 Kf8 40.Qc3 Qd6 41.Qc8+ Qd8 42.Qc5+ Qd6 43.Qc8+  1/2-1/2

[Event "Tilburg"]
[Site "Tilburg"]
[Date "1988.??.??"]
[Round "?"]
[White "Timman, Jan H"]
[Black "Karpov, Anatoly"]
[Result "0-1"]
[WhiteElo "2660"]
[BlackElo "2725"]

1.d4 Nf6 2.c4 e6 3.Nf3 b6 4.a3 Bb7 5.Nc3 d5 6.cxd5 Nxd5 7.Qc2 Nxc3 8.bxc3 Be7
9.e3 Qc8 10.Bb2 c5 11.Bb5+ Bc6 12.Bd3 c4 13.Be2 Nd7 14.a4 a6 15.O-O O-O 16.e4 b5
17.Ba3 Bxa3 18.Rxa3 Qb7 19.Nd2 Nb6 20.a5 Nd7 21.f3 e5 22.d5 Qa7+ 23.Kh1 Bb7
24.Raa1 f5 25.Rad1 f4 26.g4 Rf6 27.Qb2 Re8 28.Rg1 Bc8 29.Rg2 Nf8 30.h4 Rh6
31.Rh2 Qe7 32.h5 g6 33.Qb4 Kg7 34.Rg1 Nd7 35.Qxe7+ Rxe7 36.hxg6 Rxh2+ 37.Kxh2 Kxg6
38.Kh3 Nc5 39.Kh4 Rc7 40.Rb1 Nb7 41.Ra1 Nd6 42.Nb1 Rg7 43.Na3 Kf6 44.Rg1 Nf7
45.Kh3 h5  0-1

[Event "SVK-ch"]
[Site "Trnava"]
[Date "1988.??.??"]
[Round "11"]
[White "Certek, Pavel"]
[Black "Franzen, Josef"]
[Result "1-0"]
[WhiteElo "2260"]
[BlackElo "2320"]

1.d4 Nf6 2.c4 e6 3.Nf3 b6 4.a3 Bb7 5.Nc3 d5 6.cxd5 exd5 7.g3 Be7 8.Qa4+ c6
9.Bg2 O-O 10.Bf4 Nbd7 11.Rd1 Qe8 12.O-O Nh5 13.Bc1 Bd6 14.b4 b5 15.Qb3 Kh8
16.e4 dxe4 17.Nxe4 Qxe4 18.Ne5 Qf5 19.g4 Qe6 20.Qxe6 fxe6 21.Nxd7 Rf7 22.Ne5 Bxe5
23.dxe5 Nf4 24.Bxf4 Rxf4 25.Rd7 Rb8 26.Rfd1 h6 27.h3 a5 28.Rc7 axb4 29.axb4 Rxb4
30.Rdd7 Ba8 31.Rxg7 c5 32.Rg6 Rb1+ 33.Kh2 Bxg2 34.Rxh6+ Kg8 35.Kxg2 b4 36.g5 b3
37.Rch7 Rf8 38.Rb7 Rf7 39.Rb8+ Kg7 40.Rxe6 Rc7 41.f4 c4 42.f5 c3 43.Rg6+ Kf7
44.Rbg8  1-0

[Event "URS-ch otbor56"]
[Site "Uzhgorod"]
[Date "1988.??.??"]
[Round "?"]
[White "Magerramov, Elmar"]
[Black "Balashov, Yuri S"]
[Result "1/2-1/2"]
[WhiteElo "2430"]
[BlackElo "2540"]

1.d4 Nf6 2.c4 e6 3.Nf3 b6 4.a3 Bb7 5.Nc3 g6 6.d5 Bg7 7.e4 O-O 8.Bd3 d6 9.O-O Nbd7
10.Bf4 Re8 11.Re1 Nh5 12.Bg5 Bf6 13.Bd2 c6 14.Rc1 Rc8 15.h3 Ne5 16.Be2 Ng7
17.Nh2 h5 18.b3 cxd5 19.cxd5 a6 20.Be3 Rxc3 21.Rxc3 Nf3+ 22.Nxf3 Bxc3 23.Bd2 Bf6
24.a4 exd5 25.exd5 Nf5 26.Bc4 Rxe1+ 27.Bxe1 Qe8 28.Qd3 Nh4 29.Bd2 Nxf3+ 30.Qxf3 Bd4
31.Qd3 Qe5 32.Kf1 b5 33.axb5 axb5 34.Bxb5 Qxd5 35.f3 Qe5 36.Qe2 Qh2 37.Qe8+ Kg7
38.Be3 Qh1+ 39.Kf2 Bf6 40.Bf4 Bd4+ 41.Be3 Bf6 42.Bf4 Bh4+ 43.Bg3 Bxg3+ 44.Kxg3 Qg1
45.h4 g5 46.Qe7 gxh4+ 47.Qxh4 Qe1+ 48.Kh3 Qh1+ 49.Kg3 Qe1+ 50.Kh3 Bc8+ 51.g4 Qh1+
52.Kg3 Qe1+ 53.Kh3 Qh1+ 54.Kg3 Qg1+ 55.Kh3 Qe3 56.Qxh5 Qxf3+ 57.Kh4 Qf2+
58.Kh3 Qe3+ 59.Kh4 Qe1+ 60.Kh3 Qe3+ 61.Kh4 f6 62.Bc4 Qe7 63.Qd5  1/2-1/2

[Event "FRA-ch"]
[Site "Val Thorens"]
[Date "1988.??.??"]
[Round "5"]
[White "Andruet, Gilles"]
[Black "Sharif, Mershad"]
[Result "1/2-1/2"]
[WhiteElo "2450"]
[BlackElo "2445"]

1.d4 Nf6 2.c4 e6 3.Nf3 b6 4.a3 Ba6 5.Qc2 Bb7 6.Nc3 c5 7.e4 cxd4 8.Nxd4 Bc5
9.Nb3 Nc6 10.Bg5 Be7 11.O-O-O Qc7 12.Nb5 Qb8 13.f3 a6 14.Nc3 O-O 15.Be3 Qc7
16.Qf2 Bd8 17.g4 d6 18.g5 Nd7 19.f4 Be7 20.h4 b5 21.cxb5 axb5 22.Nxb5 Qb8
23.Qd2 Rc8 24.Kb1 Na5 25.Nxa5 Bxe4+ 26.Bd3 Bxd3+  1/2-1/2

[Event "Vilnius"]
[Site "Vilnius"]
[Date "1988.??.??"]
[Round "?"]
[White "Naumkin, Igor"]
[Black "Rozentalis, Eduardas"]
[Result "1/2-1/2"]
[WhiteElo "2485"]
[BlackElo "2520"]

1.d4 e6 2.Nf3 Nf6 3.c4 b6 4.a3 d5 5.Nc3 Bb7 6.cxd5 exd5 7.g3 Be7 8.Bg2 O-O
9.O-O c5 10.Bf4 Nbd7 11.Qc2 Rc8 12.Rad1 a6 13.Bh3 b5 14.dxc5 Rxc5 15.Qb1 Rc4
16.Be3 Qc7 17.Bd4 Rd8 18.e3 b4 19.axb4 Rxb4 20.Rc1 Qb8 21.Rfd1 h6 22.Bf1 Ne4
23.Na2 Rb3 24.Qc2 Bc8 25.Ne5 Nxe5 26.Bxe5 Qxe5 27.Qxb3 Bg4 28.Rd4 Qf5 29.Qc2 Bf6
30.Rd3 Ng5 31.f4 Nh3+ 32.Bxh3 Bxh3 33.Nc3 Bg4 34.Qd2 Bxc3 35.Rdxc3 Bf3 36.Qd3 Be4
37.Qxa6 Qh3 38.Qf1 Qg4 39.Qd1 Qh3 40.Qf1 Qg4 41.b4 Ra8 42.Qd1 Bf3 43.Qc2 Be4
44.Qf2 Ra4 45.Rb3 Ra2 46.Qxa2 Qf3 47.Ra1 Qh1+ 48.Kf2 Qxh2+ 49.Ke1 Qg1+ 50.Kd2 Qf2+  1/2-1/2

[Event "Vilnius"]
[Site "Vilnius"]
[Date "1988.??.??"]
[Round "?"]
[White "Krasenkow, Michal"]
[Black "Rozentalis, Eduardas"]
[Result "1/2-1/2"]
[WhiteElo "2460"]
[BlackElo "2520"]

1.d4 Nf6 2.c4 e6 3.Nf3 b6 4.a3 d5 5.Nc3 Bb7 6.cxd5 exd5 7.g3 Be7 8.Qa4+ c6
9.Bg2 O-O 10.Ne5 Nfd7 11.Nd3 Bf6 12.e3 Na6 13.O-O Nc7 14.Bd2 Ne6 15.Rfc1 a5
16.Ne2 b5 17.Qd1 Nb6 18.Qe1 Nc4 19.b3 Nd6 20.a4 b4 21.Ra2 Ne4 22.Nef4 Nxf4
23.Nxf4 Be7 24.Qd1 Bd6 25.Nd3 Qe7 26.Be1 Rad8 27.Rac2 Rfe8 28.Qe2 g6 29.Nf4 h5
30.h4 Bxf4 31.exf4 Qf6 32.Qd3 Nd6 33.f3 Nf5  1/2-1/2

[Event "Yerevan"]
[Site "Yerevan"]
[Date "1988.??.??"]
[Round "?"]
[White "Pavlovic, Milos"]
[Black "Romanishin, Oleg M"]
[Result "1/2-1/2"]
[WhiteElo "2460"]
[BlackElo "2570"]

1.d4 Nf6 2.Nf3 e6 3.c4 b6 4.a3 Bb7 5.Nc3 g6 6.Qc2 Bxf3 7.gxf3 Bg7 8.f4 O-O
9.Bg2 Nc6 10.e3 Na5 11.Ne2 d5 12.cxd5 exd5 13.O-O Qd7 14.Bd2 Nc4 15.Bb4 Rfc8
16.b3 Nd6 17.Bxd6 Qxd6 18.Bh3 Re8 19.b4 Ne4 20.Rac1 Re7 21.Qc6 Qxc6 22.Rxc6 a5
23.b5  1/2-1/2

[Event "Yerevan"]
[Site "Yerevan"]
[Date "1988.??.??"]
[Round "?"]
[White "Petrosian, Arshak B"]
[Black "Olafsson, Helgi"]
[Result "1/2-1/2"]
[WhiteElo "2480"]
[BlackElo "2510"]

1.d4 Nf6 2.c4 e6 3.Nf3 b6 4.a3 Bb7 5.Nc3 d5 6.cxd5 Nxd5 7.Qc2 c5 8.dxc5 Bxc5
9.Bg5 Qc8 10.Rc1 h6 11.Bh4 a5 12.Na4 Nd7 13.e4 N5f6 14.Bd3 Be7 15.Qxc8+ Rxc8
16.Rxc8+ Bxc8 17.Bb5 g5 18.Bg3 O-O 19.Nd2 Nc5 20.Nxc5 Bxc5 21.f3 Bd7 22.Bxd7  1/2-1/2

[Event "Yerevan"]
[Site "Yerevan"]
[Date "1988.??.??"]
[Round "?"]
[White "Pavlovic, Milos"]
[Black "Olafsson, Helgi"]
[Result "1/2-1/2"]
[WhiteElo "2460"]
[BlackElo "2510"]

1.d4 Nf6 2.c4 e6 3.Nf3 b6 4.a3 Bb7 5.Nc3 d5 6.cxd5 Nxd5 7.e3 g6 8.Bb5+ c6
9.Bc4 Bg7 10.e4 Nxc3 11.bxc3 c5 12.Bg5 Qd6 13.Qd3 Nc6 14.Rd1 O-O 15.O-O Na5
16.Ba2 c4 17.Qe3 Qxa3 18.Bb1 f6 19.Bf4 Rae8 20.h4 Nc6 21.h5 g5 22.Bg3 h6
23.Nd2 b5 24.f4 f5 25.Nf3 g4 26.Ne5 Nxe5 27.fxe5 fxe4 28.Bh4 Rf5 29.Bxe4 Bxe4
30.Qxe4 Qxc3 31.Bf6 Rf8 32.Qxg4 Qe3+ 33.Kh1 R8xf6 34.exf6 Rg5 35.Qh3 Qxh3+
36.gxh3 Bf8 37.Ra1 c3 38.Rxa7 b4 39.Rc7 Rxh5 40.Rg1+ Rg5 41.Rxg5+ hxg5 42.Kg2 Bd6
43.Rc6 Kf7 44.Kf3  1/2-1/2

[Event "Zalakaros op"]
[Site "Zalakaros"]
[Date "1988.??.??"]
[Round "6"]
[White "Szeles, Karoly"]
[Black "Tolnai, Tibor"]
[Result "1-0"]
[WhiteElo "2275"]
[BlackElo "2465"]

1.d4 Nf6 2.c4 e6 3.Nf3 b6 4.a3 Ba6 5.Qc2 Bb7 6.Nc3 c5 7.dxc5 Bxc5 8.g3 O-O
9.Bg2 Be7 10.O-O d6 11.b3 a6 12.Bb2 Qc7 13.Rac1 Nbd7 14.Rfd1 Rac8 15.Nd2 Bxg2
16.Kxg2 Qb7+ 17.Kg1 b5 18.cxb5 axb5 19.Qd3 Rb8 20.Nce4 Nxe4 21.Nxe4 d5 22.Qd4 f6
23.b4 Nb6 24.Nc5 Bxc5 25.Rxc5 Nc4 26.Bc1 Ra8 27.Qg4 Rfe8 28.h4 Rac8 29.Rxc8 Qxc8
30.e4 Ne5 31.Qe2 Qc4 32.Qxc4 dxc4 33.Rd6 Nd3 34.Be3 Ra8 35.Rb6 Rxa3 36.Rxb5 c3
37.Rb8+ Kf7 38.Rc8 Nxb4 39.h5 c2 40.Kh2 h6 41.Bc5 e5 42.Bxb4 Ra4 43.Rc7+ Kg8
44.Bd2 Rxe4 45.Be3 f5 46.Rxc2 f4 47.Rc8+ Kf7 48.gxf4 exf4 49.Bc5 Kf6 50.Rc7 Kg5
51.Rxg7+ Kxh5 52.Bf8  1-0

[Event "Zuerich op"]
[Site "Zuerich"]
[Date "1988.??.??"]
[Round "4"]
[White "Nikolic, Sinisa"]
[Black "Huss, Andreas"]
[Result "0-1"]
[WhiteElo "2255"]
[BlackElo "2360"]

1.d4 Nf6 2.c4 e6 3.Nf3 b6 4.a3 Bb7 5.Nc3 d5 6.cxd5 exd5 7.g3 a6 8.Bg2 Bd6
9.O-O O-O 10.Qc2 Nbd7 11.Rd1 Re8 12.Nd2 Qe7 13.Nc4 Ne4 14.Nxe4 dxe4 15.Nxd6 cxd6
16.Qc7 Bd5 17.Bf4 Rec8 18.Qxd6 Qxd6 19.Bxd6 Rc2 20.b4 Rxe2 21.Re1 Rxe1+ 22.Rxe1 f5
23.Bh3 g6 24.Rc1 Kf7 25.Rc7 Ke6 26.Bf4 b5 27.Bf1 Nf6 28.Be2 Nd7 29.h4 h5
30.Kf1 Nf8 31.Ke1 Nd7 32.Kd2 Nf6 33.Be5 Nd7 34.Bf4 Nf6 35.Bd1 a5 36.Kc3 Bc4
37.Rc6+ Kf7 38.Bd6 Nd5+ 39.Kd2 axb4 40.Bxb4 Nxb4 41.axb4 Ra2+ 42.Bc2 Ra1
43.Rc7+ Ke6 44.Rc6+ Kd5 45.Rxg6 Rf1 46.Bd1 Kxd4 47.Rd6+ Ke5 48.Rg6 Rxf2+
49.Ke3 Ra2 50.Bxh5 Ra3+ 51.Kf2 e3+ 52.Kf3 e2+ 53.Kf2 Ra1  0-1

[Event "Aarhus-A"]
[Site "Aarhus"]
[Date "1989.??.??"]
[Round "3"]
[White "Rewitz, Poul"]
[Black "Ochsner, Thomas"]
[Result "1/2-1/2"]
[WhiteElo "2260"]
[BlackElo "2300"]

1.d4 e6 2.Nf3 Nf6 3.c4 b6 4.a3 Bb7 5.Nc3 d5 6.Bg5 Be7 7.e3 O-O 8.Bd3 Nbd7
9.O-O c5 10.Qe2 dxc4 11.Bxc4 Ne4 12.Nxe4 Bxe4 13.Bf4 cxd4 14.exd4 Nf6 15.Ne5 Bb7
16.Rfd1 Nd5 17.Bg3 Bg5 18.Nf3 Bh6 19.Qe5 Rc8 20.Bd3 g6 21.h4 Nf6 22.Qe2 Nh5
23.Be4 Nxg3 24.fxg3 Bxe4 25.Qxe4 Qd6 26.Ne5 Rfd8 27.Rd3 Qd5 28.Qe2 Rc7 29.Rad1 Bg7
30.Qf2 h5 31.R3d2 Qe4 32.Qf3 Qf5 33.Qxf5 gxf5 34.Nf3 Bh6 35.Re2 a5 36.Re5 Rc1
37.Rxc1 Bxc1 38.Rb5 Be3+ 39.Kf1 Bxd4 40.Nxd4 Rxd4 41.Rxb6 a4 42.Ke2 Rc4 43.Ke3 Rg4
44.Kf3 Rc4 45.Ke3 Rg4 46.Kf3 Rc4  1/2-1/2

[Event "Alicante op2"]
[Site "Alicante"]
[Date "1989.??.??"]
[Round "?"]
[White "Lloret Ramis, Juan Jose"]
[Black "Dominguez Sanz, Juan P"]
[Result "0-1"]
[WhiteElo "2205"]
[BlackElo "2235"]

1.Nf3 Nf6 2.c4 b6 3.d4 e6 4.a3 Bb7 5.Nc3 d5 6.cxd5 Nxd5 7.e3 Nd7 8.Bd3 Be7
9.O-O O-O 10.e4 Nxc3 11.bxc3 c5 12.d5 exd5 13.exd5 Bf6 14.Rb1 Bxd5 15.Bxh7+ Kxh7
16.Qxd5 Ne5 17.Qe4+ Ng6 18.Qf5 Re8 19.Qh5+ Kg8 20.c4 Qd3 21.Bg5 Qf5 22.Rb3 Re4
23.h3 Bxg5 24.Nxg5 Rh4 25.Qf3 Qxf3 26.Nxf3 Rxc4 27.Rd1 Nf8 28.Ne5 Re4 29.Nd7 Ne6
30.f3 Rd4 31.Rxd4 Nxd4 32.Rb2 f6 33.Kf2 Rd8  0-1

[Event "ARG-ch"]
[Site "?"]
[Date "1989.??.??"]
[Round "3"]
[White "Soppe, Guillermo"]
[Black "Panno, Oscar"]
[Result "1-0"]
[WhiteElo "2425"]
[BlackElo "2495"]

1.d4 Nf6 2.c4 e6 3.Nf3 b6 4.a3 Ba6 5.Qc2 Bb7 6.Nc3 c5 7.dxc5 Bxc5 8.Bg5 a6
9.e4 Qc7 10.Bd3 Be7 11.Qe2 h6 12.Bd2 d6 13.Rg1 Nbd7 14.g4 Ne5 15.Nxe5 dxe5
16.h4 Nd7 17.g5 hxg5 18.hxg5 Nf8 19.O-O-O Ng6 20.Qf3 Bc5 21.Rh1 Ke7 22.Kb1 Bc6
23.Bc2 Rad8 24.Be3 Rxd1+ 25.Rxd1 Be8 26.Ba4 Nf4 27.Bxe8 Kxe8 28.Bxf4 exf4
29.e5 Ke7 30.Qxf4 Rh3 31.Ne4 Qc6 32.g6  1-0

[Event "ARG-ch"]
[Site "?"]
[Date "1989.??.??"]
[Round "5"]
[White "Soppe, Guillermo"]
[Black "Bielicki, Carlos"]
[Result "1-0"]
[WhiteElo "2425"]
[BlackElo "2315"]

1.d4 e6 2.Nf3 Nf6 3.c4 b6 4.a3 Ba6 5.Qc2 Bb7 6.Nc3 c5 7.dxc5 bxc5 8.Bf4 d6
9.e3 Be7 10.h3 O-O 11.Be2 Nbd7 12.O-O Qb6 13.Rfd1 Rfd8 14.Rab1 Rac8 15.Rd2 h6
16.b4 Ba8 17.e4 Qc6 18.b5 Qb6 19.Rdd1 Qc7 20.Nd2 Nf8 21.Bg3 Ne8 22.Nb3 Bf6
23.Bd3 Ng6 24.Ne2 Ne5 25.Nf4 Nxd3 26.Qxd3 Be7 27.Bh2 Nf6 28.f3 Nd7 29.a4 Ne5
30.Qc2 g6 31.Nd3 Nd7 32.Nf2 h5 33.Rd2 e5 34.f4 exf4 35.Bxf4 Ne5 36.Re1 Rd7
37.Nd3 Rcd8 38.Nxe5 dxe5 39.Rxd7 Rxd7 40.Be3 Rd8 41.Bf2 Bb7 42.Qc3 f6 43.Qe3 Kf7
44.Nxc5 Bxc5 45.Qxc5 Qxc5 46.Bxc5 Rc8 47.Bxa7 Rxc4 48.a5 Rxe4 49.Rc1 Bd5
50.a6 Ra4 51.Rc7+ Ke6 52.Bc5 Bc4 53.Rb7 Bxb5 54.Rxb5 Rxa6 55.Rb6+ Rxb6 56.Bxb6 Kf5
57.Bd8 g5 58.Kf2 Kg6 59.Bc7 Kf5 60.Ke3 Ke6 61.Bd8 Kf5 62.Be7 Ke6 63.Bd8 g4
64.h4 f5 65.g3 Kd5 66.Bg5 Kc4 67.Bh6 Kd5 68.Kd3 Kc5 69.Bg5 Kd5 70.Be3 Ke6
71.Kc4 Kd6 72.Bf2 Ke6 73.Bc5 f4 74.Bf2 Kd6 75.gxf4 Ke6 76.Kd3 exf4 77.Ke4 f3
78.Bg3 Kf6 79.Kf4 Kg6 80.Ke5 Kf7 81.Kf5  1-0

[Event "ARG-ch"]
[Site "?"]
[Date "1989.??.??"]
[Round "7"]
[White "Soppe, Guillermo"]
[Black "Rubinetti, Jorge A"]
[Result "1-0"]
[WhiteElo "2425"]
[BlackElo "2460"]

1.d4 Nf6 2.c4 e6 3.Nf3 b6 4.a3 Bb7 5.Nc3 d5 6.cxd5 exd5 7.g3 Be7 8.Qa4+ c6
9.Bg2 O-O 10.O-O Nbd7 11.Rd1 Re8 12.Bf4 Nh5 13.Rac1 Nxf4 14.gxf4 Nf8 15.e3 Bd6
16.Ne2 f6 17.Ng3 Qd7 18.Qc2 g6 19.Ne1 Kh8 20.Nd3 Rac8 21.Qa4 Bb8 22.Rc3 h5
23.h3 h4 24.Nf1 g5 25.fxg5 Nh7 26.gxf6 Rg8 27.Ne5 Rxg2+ 28.Kxg2 Rg8+ 29.Kf3 Qf5+
30.Ke2 Nxf6 31.Rxc6 Rg2 32.Nd3 Ne4 33.Rh6+ Kg7 34.Rxh4 Nxf2 35.Ne1 Nxd1+
36.Nxg2 Qf2+ 37.Kxd1 Qxf1+ 38.Ne1 Qf5 39.Rg4+ Kh6 40.Rh4+ Kg6 41.Rg4+ Kh6
42.Qc2 Bc8 43.Qxf5 Bxf5 44.Rg8  1-0

[Event "ARG-ch"]
[Site "?"]
[Date "1989.??.??"]
[Round "9"]
[White "Soppe, Guillermo"]
[Black "Najdorf, Miguel"]
[Result "1/2-1/2"]
[WhiteElo "2425"]
[BlackElo "2465"]

1.d4 Nf6 2.c4 e6 3.Nf3 b6 4.a3 Ba6 5.Qc2 Bb7 6.Nc3 c5 7.dxc5 Bxc5 8.Bg5 a6
9.e3 Be7 10.Be2 d6 11.O-O Nbd7 12.Rfd1 O-O 13.Bf4 Qc7 14.Qd2 Ne5 15.Nxe5 dxe5
16.Bg5 Bc6 17.b4 h6 18.Bxf6 Bxf6 19.Rac1 Qe7 20.Qc2 e4 21.Rb1 Be5 22.Nxe4 Bxh2+  1/2-1/2